000 02958 a2200361 4500
001 OB-pur-44247
003 FrMaCLE
005 20251214082557.0
007 cu ||||||m||||
008 180116e||||||||xx |||||s|||||||||0|fr|d
020 _a978-2-7535-6568-5
024 7 _a10.4000/books.pur.44247
_2doi
040 _aFR-FrMaCLE
041 _afra
100 1 _aJanvier, Jean
245 1 0 _aQuelques souvenirs :
_bJean Janvier, Maire de Rennes /
_cJean Janvier.
260 _aRennes :
_bPresses universitaires de Rennes,
_c2018.
300 _a340 p.
500 _aEbook
520 _a Élevé à la dure dans une famille ouvrière du pays de Fougères, orphelin à dix ans, Jean Janvier (1859-1923) gravit tous les échelons de la hiérarchie à la force du poignet. Après un tour de France des compagnons, il devient entrepreneur de bâtiments en 1884 et contribue à créer la fédération syndicale du patronat qu'il préside jusqu'en 1906. Il profite alors de sa notoriété pour se lancer dans l'arène politique. De convictions « démocratiques, laïques et sociales », il prend la tête du parti républicain. Son ascension, dans l'atmosphère fiévreuse, et même volcanique, des banquets monstres où les forces de gauche se reclassent et s'unissent, est exemplaire. Elle est conduite de main de maître dans une région où le divorce entre l'Église et l'État, et surtout l'affaire Dreyfus - dont le procès fut révisé à Rennes en août 1899 - ont laissé des séquelles durables. Élu maire en mai 1908, Janvier s'impose, en dépit de l'hostilité tenace que lui voue la presse locale. Il meurt à la tâche en octobre 1923. Ses quinze années de mandat ont métamorphosé une ville qu'il a littéralement propulsée dans la modernité, avec le double respect de la patrie et du peuple. Avant la guerre, il entreprend une série de grands travaux qui rénovent de fond en comble les équipements collectifs. Entre 1914 et 1918, il incarne l'Union sacrée, œuvrant sans répit à la cohésion et à la justice. Après la guerre, il a l'intuition immédiate - quoique contestée - de relancer un vaste programme de développement. Tenue dans le secret de son cabinet, la chronique de ces années dures, n'a jamais été publiée. Elle découvre une personnalité complexe, un remarquable destin d'élu et de décideur, féru d'architecture et d'urbanisme, mais privé d'une reconnaissance nationale qui en eût peut-être fait l'égal, pour Rennes, de ce que fut Édouard Herriot, pour Lyon.
540 _aOpenEdition Books License
_uhttps://www.openedition.org/12554
650 4 _aHistory
650 4 _aRennes
650 4 _aBretagne
650 4 _aXXe siècle
650 4 _amaire
650 4 _aJean Janvier
700 1 _aAndrieux, Jean-Yves
700 1 _aLaurent, Catherine
760 0 _x2827-301X
776 _z978-2-86847-550-3
856 4 _eAndrieux, Jean-Yves
_uhttps://books.openedition.org/pur/44247
_yQuelques souvenirs
999 _c2848
_d2848